Gestión de los Coordinadores de los Centros Educativos del Nivel Medio del Sector Privado de la Ciudad de la Vega (Record no. 5094)

MARC details
000 -LEADER
campo de control de longitud fija 02691nam a2200577Ia 4500
001 - NÚMERO DE CONTROL
campo de control 5400
008 - DATOS DE LONGITUD FIJA--INFORMACIÓN GENERAL
campo de control de longitud fija 241029s9999 xx 000 0 und d
010 ## - NÚMERO DE CONTROL DE LA BIBLIOTECA DEL CONGRESO
Número de control de LC 5094
041 ## - CÓDIGO DE IDIOMA
Código de lengua del texto/banda sonora o título independiente Español
082 ## - NÚMERO DE LA CLASIFICACIÓN DECIMAL DEWEY
Número de clasificación UCSD MPG 0085 2016
245 #0 - MENCIÓN DEL TÍTULO
Título Gestión de los Coordinadores de los Centros Educativos del Nivel Medio del Sector Privado de la Ciudad de la Vega
260 ## - PUBLICACIÓN, DISTRIBUCIÓN, ETC.
Lugar de publicación, distribución, etc. Santo Domingo
300 ## - DESCRIPCIÓN FÍSICA
Extensión 108
520 ## - RESUMEN, ETC.
Sumario, etc. 49
520 ## - RESUMEN, ETC.
Sumario, etc. El estudio planteó como objetivo general analizar la gestión de los coordinadores de los centros educativos del nivel medio del sector privado de la ciudad de la Vega. Diseño no experimental de tipo explorativo-descriptivo. Métodos usados inductivo, analítico y sintético. Técnicas; observación, entrevista, encuesta y revisión documental. Población objeto de estudio 16 centros, 16 directores, 16 coordinadores docentes, 176 docentes del nivel medio.La investigación concluyó que el coordinador debe buscar el fortalecimiento de los lideres, con espacios de reflexión, evaluación, mejoras y contribuciones de cambios para mejorar; las acciones del coordinador es innovar estrategias y métodos pedagógicos en ideas y practicas, introducir contenidos nuevos, imaginar y producir materiales o productos y proponer cambios en la organización.El estudio recomendó que los coordinadores puedan efectuar su papel en las escuelas como agentes de ayuda, acompañamiento, cambios y transformaciones de sus instituciones, es decir dejar que cumplan su rol y no delegarle funciones que no le competen.
630 ## - PUNTO DE ACCESO ADICIONAL DE MATERIA--TÍTULO UNIFORME
Título uniforme Acompañamiento Pedagógico
630 ## - PUNTO DE ACCESO ADICIONAL DE MATERIA--TÍTULO UNIFORME
Título uniforme Centros Educativos
630 ## - PUNTO DE ACCESO ADICIONAL DE MATERIA--TÍTULO UNIFORME
Título uniforme Gestión
630 ## - PUNTO DE ACCESO ADICIONAL DE MATERIA--TÍTULO UNIFORME
Título uniforme Nivel Medio
650 ## - PUNTO DE ACCESO ADICIONAL DE MATERIA--TÉRMINO DE MATERIA
Término de materia o nombre geográfico como elemento de entrada Gestión Educativa
690 ## - PUNTO DE ACCESO ADICIONAL DE MATERIA LOCAL--TÉRMINO DE MATERIA (OCLC, RLIN)
Término de materia o nombre geográfico como elemento inicial Elaborado
700 ## - ENTRADA AGREGADA--NOMBRE PERSONAL
Término indicativo de función/relación asesor
Nombre de persona Peña, Jesús
700 ## - ENTRADA AGREGADA--NOMBRE PERSONAL
Término indicativo de función/relación autor
Nombre de persona Gutierrez, Yris Celeste
700 ## - ENTRADA AGREGADA--NOMBRE PERSONAL
Término indicativo de función/relación autor
Nombre de persona Rosario Joaquin, Hector
700 ## - ENTRADA AGREGADA--NOMBRE PERSONAL
Término indicativo de función/relación asesor
Nombre de persona Astácio, Martín
901 ## - ELEMENTOS DE DATOS A LOCAL LDA (RLIN)
a {"1":"Gutierrez","2":"Rosario Joaquin"}
b {"1":"Yris Celeste ","2":"Hector"}
902 ## - ELEMENTOS DE DATOS B LOCAL, LDB (RLIN)
a 2
903 ## - ELEMENTOS DE DATOS C LOCAL, LDC (RLIN)
a {"1":"Astácio","2":"Peña"}
b {"1":"Martín ","2":"Jesús "}
904 ## - ELEMENTOS DE DATOS D LOCAL, LDD (RLIN)
a Maestría en
905 ## - ELEMENTOS DE DATOS E LOCAL, LDE (RLIN)
a Planificación y Gestión Educativa
906 ## - ELEMENTOS DE DATOS F LOCAL, LDF (RLIN)
a 2
907 ## - ELEMENTOS DE DATOS G LOCAL, LDG (RLIN)
a NO APLICA
908 ## - COLOCAR PARÁMETRO DE COMANDO (RLIN)
Colocar parámetro de comando NO APLICA
909 ## -
-- Universidad Autónoma de Santo Domingo (UASD)
910 ## - DATOS DE OPCIÓN DEL USUARIO (OCLC)
Datos de opción del usuario NULL
-- NULL
911 ## - EQUIVALENCIA O REFERENCIA-CRUZADA-NOMBRE DE CONFERENCIA O REUNIÓN/CONGRESO [LOCAL, CANADÁ]
Nombre de congreso/reunión o jurisdicción como elemento de entrada ["1"]
912 ## -
-- NO APLICA
913 ## -
-- NULL
914 ## -
-- 01 de Junio de 2016
915 ## -
-- 22/07/19 11:07
916 ## -
-- NULL
917 ## -
-- NULL
918 ## -
-- NO APLICA
919 ## -
-- ["2","33","111","240"]
921 ## -
-- 50
922 ## -
-- 50
923 ## -
-- 0
924 ## -
-- NO APLICA
942 ## - ELEMENTOS DE ENTRADA SECUNDARIOS (KOHA)
Tipo de ítem Koha

No items available.

© 2024. Todos los Derechos Reservados. Desarrollado por IDEICE